000 00659nam a2200229Ia 4500
005 20250508164447.0
008 008 250505s9999 xx 000 0 eng d
037 _aReference
040 _aFEDL
_beng
_cFEDL
041 _aeng
_2eng
084 _a301.0954, SIN/RR
_qFEDL
100 _aSingh K S
245 0 _aAnthropological atlas
245 0 _cANTHROPOLOGICAL SURVEY OF INDIA
260 _aDelhi, India
_bOxford University Press
_c1993
300 _axiii,156p.
365 _aINR
_b700
490 _aPeople of India. National series V.11
546 _aMACESE Book
942 _cREF
_h301.0954, SIN/RR
999 _c1389250
_d1389250